| 000 | 00617nam a22001577a 4500 | ||
|---|---|---|---|
| 020 | _a978-81-7993-140-0 | ||
| 082 |
_a001 _bBEN/S |
||
| 100 | _aSEN, BENITA | ||
| 245 | _aENERGY FROM THE HEART OF HYDROGEN | ||
| 250 | _aFIRST EDITION | ||
| 260 |
_aDELHI _bTERI PRESS _c2009 |
||
| 300 | _a30 | ||
| 520 | _aHYDROGEN IS THE SIMPLEST ELEMENT WE KNOW. ITS IN WATER AND IN EARTH'S CRUST, AND NOW IT'S IN THE HYDROGEN FUEL CELL. WHAT IS HYDROGEN FUEL? CAN WE REPLACE POLLUTING FOSSIL FUELS WITH HYDROGEN? THIS BOOK EXPLAINS WHY HYDROGEN IS HOT, HOT, HOT | ||
| 650 |
_aHYDROGEN AND FUEL CELL, GREEN POWER _zINDIA |
||
| 942 | _cBK | ||
| 999 |
_c1920 _d1920 |
||